| 000 | 01401nam0a22003131 4500 | ||
|---|---|---|---|
| 001 | rc\4057325 | ||
| 005 | 20250611073429.0 | ||
| 021 |
_aRU _b[53-23502] |
||
| 035 | _a(NLR Aleph) 008110230 | ||
| 090 |
_a9299427 _c9299427 |
||
| 100 | _a20130415d1953 |||y0rusy50 ca | ||
| 101 | 0 | _arus | |
| 102 | _aRU | ||
| 105 | _aa j ||||| | ||
| 200 | 1 |
_aУчебное пособие для кружков ГСО _fСост.: Е.К. Корсак и Н.В. Сорокина _gПод ред. проф. Н.И. Краковского _gИспол. ком. Союза обществ Красного Креста и Красного Полумесяца СССР |
|
| 210 |
_aМосква _cБ. и. _d1953 |
||
| 215 |
_a168 с. _cил. _d20 |
||
| 300 | _aНа переплете загл.: Готов к санитарной обороне СССР | ||
| 300 | _aНа переплете сост. не указаны | ||
| 517 | 0 | _aГотов к санитарной обороне СССР | |
| 606 |
_aГСО _2psbo |
||
| 700 | 1 |
_aКорсак _bЕ.К. _gЕвгений Константинович _4220 |
|
| 701 | 1 |
_4220 _7ca _8rus _aСорокина _bН. В. _cврач _gНаталья Владимировна _9270939 _3RU\NLR\AUTH\770270995 |
|
| 702 | 1 |
_aКраковский _bН.И. _4340 |
|
| 801 | 0 |
_aRU _bNLR _gpsbo |
|
| 801 | 1 |
_aRU _bELAR _2rusmarc |
|
| 852 |
_aNLR _jМд96 Г-3/177 |
||
| 942 | _cBOOK | ||
| 980 | _aNB | ||